Klassificering av nyintagna med avseende på eventuellt narkotikamissbruk under 1983
| VerfasserInnen: | ; ; |
|---|---|
| Medienart: | Druck Buch |
| Sprache: | Schwedisch |
| Veröffentlicht: |
[Norrköping]
Kriminalvårdsstyrelsen
1984
|
| In: |
Rapport (1984,1)
Jahr: 1984 |
| Bestand in Tübingen: | In Tübingen vorhanden. UB: KB 7 E 166 |
| Verfügbarkeit prüfen: | HBZ Gateway |
| Subito Bestelldienst: | Jetzt bestellen. |
MARC
| LEADER | 00000cam a22000002c 4500 | ||
|---|---|---|---|
| 001 | 1091362564 | ||
| 003 | DE-627 | ||
| 005 | 20220514124801.0 | ||
| 007 | tu | ||
| 008 | 900820s1984 xx ||||| 00| ||swe c | ||
| 035 | |a (DE-627)1091362564 | ||
| 035 | |a (DE-576)021362564 | ||
| 035 | |a (DE-599)BSZ021362564 | ||
| 035 | |a (OCoLC)185483054 | ||
| 040 | |a DE-627 |b ger |c DE-627 |e rakwb | ||
| 041 | |a swe | ||
| 100 | 1 | |a Pettersson, Tomas |4 aut | |
| 245 | 1 | 0 | |a Klassificering av nyintagna med avseende på eventuellt narkotikamissbruk under 1983 |c rapporten har utarbetats av Tomas Pettersson, Christin Hultberg och Norman Bishop |
| 264 | 1 | |a [Norrköping] |b Kriminalvårdsstyrelsen |c 1984 | |
| 300 | |a 29 S. | ||
| 336 | |a Text |b txt |2 rdacontent | ||
| 337 | |a ohne Hilfsmittel zu benutzen |b n |2 rdamedia | ||
| 338 | |a Band |b nc |2 rdacarrier | ||
| 490 | 1 | |a Rapport / Kriminalvårdsstyrelsen, Planerings- och samordningsenheten, Forsknings- och utvecklingsgruppen |v 1984,1 | |
| 583 | 1 | |a Archivierung prüfen |c 20200919 |f DE-640 |z 2 |2 pdager | |
| 700 | 1 | |a Hultberg, Christin |4 aut | |
| 700 | 1 | |a Bishop, Norman |4 aut | |
| 810 | 2 | |a Sverige |b Kriminalvårdsstyrelsen |b Forsknings- och utvecklingsgruppen |t Rapport |v 1984,1 |9 1984,1 |w (DE-627)169136248 |w (DE-576)032727038 |w (DE-600)896117-7 |x 0280-5669 |7 am | |
| 951 | |a BO | ||
| ELC | |b 1 | ||
| LOK | |0 000 xxxxxcx a22 zn 4500 | ||
| LOK | |0 001 2149566443 | ||
| LOK | |0 003 DE-627 | ||
| LOK | |0 004 1091362564 | ||
| LOK | |0 005 19900820000000 | ||
| LOK | |0 008 900820||||||||||||||||ger||||||| | ||
| LOK | |0 040 |a DE-21 |c DE-627 |d DE-21 | ||
| LOK | |0 852 |a DE-21 | ||
| LOK | |0 852 1 |c KB 7 E 166 |9 00 | ||
| LOK | |0 935 |a krim | ||
| LOK | |0 936ln |a k1 | ||
| LOK | |0 939 |a 20-08-90 |b l01 | ||
| ORI | |a SA-MARC-krimdoka001.raw | ||
| SIG | |a UB: KB 7 E 166 | ||
